000 00775cab a22002055a 4500
001 L150654
008 100809s2010 xxk 000 0 eng d
035 _a(Sirsi) u150654
041 0 _aeng
050 _a690.241 $2 18
100 1 _aForster, Alan M.
245 0 0 _aBuilding conservation philosophy for masonry repair
_bpart 1, ethics
260 _c2010
490 _aStructural Survey
_v28(2) 2010, 91-107(17)
520 _aResults of this research should enable practitioners to better understand the implications of building conservation philosophy on their repair of historic masonry structures projects.
590 _aKA
651 4 _aUnited Kingdom
690 _aBUILT ENVIRONMENT-BUILDING MAINTENANCE AND REFURBISHMENT-BUILDING CONSERVATION
942 _n0
_2ddc
999 _c82592
_d82592